000 00518nam a2200169 4500
005 20250919112839.0
008 250919b |||||||| |||| 00| 0 eng d
040 _aMAIN
082 _a574.192
_bA11I
100 _aAjay Singh
245 _aIn vivo analysis of inter-dependency between autophagy and ubiquitin proteasome system in skeletal muscle atrophy
260 _bDepartment of Biochemistry, M D University, Rohtak
_c2024
300 _a144
650 _aBiochemistry
700 _aDabur, Rajesh
942 _cTH
999 _c393524
_d393524